Mystery shopping

Mystery shopping ako metóda skrytého výskumu a obľúbený spôsob získania spätnej väzby. Čo je mystery shopping. Čo urobiť s výsledkami. Čo všetko skúmať. Zásady interného mystery shoppingu. Desať techník mystery shoppingu. Princípy a zásady mystery shoppingu.

Salvato in:
Dettagli Bibliografici
Autore principale: Bohuněk, Bohuslav
Natura: Capitolo di libro
Lingua:ceco
Soggetti:
Tags: Aggiungi Tag
Nessun Tag, puoi essere il primo ad aggiungerne!!

MARC

LEADER 00000naa a2200000 4500
001 0158493
005 20231019100631.8
041 0 |a cze 
044 |a CZ 
245 1 0 |a Mystery shopping  |c Bohuslav Bohuněk 
520 |a Mystery shopping ako metóda skrytého výskumu a obľúbený spôsob získania spätnej väzby. Čo je mystery shopping. Čo urobiť s výsledkami. Čo všetko skúmať. Zásady interného mystery shoppingu. Desať techník mystery shoppingu. Princípy a zásady mystery shoppingu. 
610 2 0 |a marketing 
610 2 0 |a výskum 
610 2 0 |a kontrola 
610 2 0 |a väzba spätná 
610 2 0 |a zamestnanci 
610 2 0 |a zákazníci 
610 2 0 |a služby 
610 2 0 |a predaj 
100 1 |a Bohuněk, Bohuslav